Регионална библиотека "Любен Каравелов" - Русе

Цариградски сонети (Запис номер 191496)

MARC детайли
000 -Лидер
Контролно поле с фиксирана дължина 01699nam a2200373 c 4500
003 - Код на организацията, давaща контролен номер
Контролно поле BLK
005 - Дата и час на последна редакция
Контролно поле 20240321130132.0
008 - Елементи от данни с фиксирана дължина
fixed length control field 180411b bul|||||r ||||||| ||bul||
010 ## - Наследен системен номер
LC control number KNG00200655000
040 ## - Източник на каталожния запис
Идентификатор на билиотеката - собственик на записа BLK
041 ## - Код за език
Код за езика на текст/звукозапис или на отделно заглавие Български
Код за езика КДБФ Български
072 #7 - Код за тематичната категория
Код организация bullib
Код за тематична категория А
Текст Фонд Михаил Арнаудов
080 ## - УДК
Текстов определител УДК Българска литература
УДК код - определител по УДК 821.163.2
УДК определител -193.3
УДК - код + определител 821.163.2-193.3
100 ## - Редна дума - Автор
Автор Величков, Константин
Автор - информация (биография) писател и общественик
Дати, свързани с автора 1855 - 1907
Пълна форма на името Петков, Константин Величков
R(LIN) 256726
139 ## - Редно поле
Редна дума Величков, Константин
Авторски знак Велич - В 42
245 10 - Сведения за заглавието
Заглавие Цариградски сонети
Редно поле (дума) Константин Величков; увод и бел. Стефан Попвасилев.
257 ## - Страна на издаване
Страна на създаване/издаване България
260 ## - Област на издателските данни
Име на издателя, разпространителя и проч. Т. Ф. Чипев
Година на издаване 1939
Печатница София : Гладстон
300 ## - Физическа характеристика
Страници 96 с.
Размери/Мащаб 19 см
380 ## - Жанр
Жанр Худож. лит.
490 1# - СЕРИИ (Колекции)
Име на серия Библиотека Българска книга
№: серия 15
490 ## - СЕРИИ (Колекции)
Име на серия Частна колекция - Академик Михаил Арнаудов
9 (RLIN) 396381
Бележки за серията Дарение - Основен фонд
500 ## - Общи забележки
Забележка Пълното име на авт. е Константин Величков Петров. - Фонд Михаил Арнаудов - мека подв., неразрязана
659 ## - Тематичен бюлетин
Тематичен бюлетин А
700 1# - Други автори (авторска отговорност)
Лично име Попвасилев, Стефан
Автороска отговорност (Описва отношението между автора и произведението) увод и бел.
9 (RLIN) 384919
852 ## - Местоположение
Форматна сигнатура Цб 8.180.4338
852 ## - Местоположение
Форматна сигнатура МА 1943
Фондова буква Фонд "Михаил Арнаудов"
856 4# - Електронен адрес и достъп
Електронен формат pdf - файл
856 4# - Електронен адрес и достъп
Електронен формат pdf - файл
999 ## - СИСТЕМНИ КОНТРОЛНИ НОМЕРА
Koha biblionumber 191496
Koha biblioitemnumber 191496
942 ## - АРТИКУЛИ
Вид на библиотечния материал Книги
Скрит в OPAC Не
Периодичен библиозапис Да
944 ## - СЪЗДАВАНЕ И РЕДАКЦИЯ на ЗАПИСА
Създаване/Редакция Създаване
Дата на регистрацията/редакция 13.02.2017
Служител, извършил регистрацията/редакцията 30545
Статус, дата на статуса Нора Радева
944 ## - СЪЗДАВАНЕ И РЕДАКЦИЯ на ЗАПИСА
Създаване/Редакция Редакция
Дата на регистрацията/редакция 13.02.2017
Служител, извършил регистрацията/редакцията Геновева_Генчева
999 ## - СИСТЕМНИ КОНТРОЛНИ НОМЕРА
Koha biblioitemnumber 191496
Наличности
Код за отписване Код за изгубен артикул Източник на класификационната схема Код за повреда Коз за рестрикции Код за отдаване Артикулен № Име на библиотеката - собственик Име на библиотеката, в която се намира в момента Статус (Текущо местоположение) Дата на вписване в системата Местоположение - отдел Цена в лева Инвентарен номер Систематично азбучна сигнатура Баркод Номер на екземпляра Цена в евро Служебна бележка Служебен тип на артикула
  Не е изгубен Universal Decimal Classification Не е повреден само за читалня ползва се в читалня 336342 Регионална библиотека "Любен Каравелов" Русе Регионална библиотека "Любен Каравелов" Русе Хранилище 1939-01-01 Основен фонд - ползва се само за читалня 0.07 4338 Цб 8.180.4338 900000068633 1 0.04 N: стар фонд Дата: 01.01.1939 Книги
  Не е изгубен Universal Decimal Classification Не е повреден само за читалня Специални фондове ( старопечатни, редки и ценни, фонд М. Арнаудов) 336343 Регионална библиотека "Любен Каравелов" Русе Регионална библиотека "Любен Каравелов" Русе Фонд "Михаил Арнаудов" 1973-01-01 Фонд "Михаил Арнаудов" 25.00 590304 МА 1943 120000590304 2 12.78 Дост: DA Вид: А N: стар фонд Дата: 01.01.1973 Книги
  Не е изгубен Universal Decimal Classification Не е повреден само за читалня ползва се в читалня 843428 Регионална библиотека "Любен Каравелов" Русе Регионална библиотека "Любен Каравелов" Русе Хранилище 2021-07-16 Основен фонд - ползва се само за читалня 0.06 21009-а Цб 8.185.21009 900000069882   0.03   Книги
Vip Innovations Ltd, Rousse, Bulgaria 2025